Catálogo

SCOPE AND METHODS OF POLITICAL SCIENCE (Registro nro. 48881)

Detalles MARC
000 -LEADER
fixed length control field 00462nam a2200181 a 4500
001 - CONTROL NUMBER
control field 48881
005 - DATE AND TIME OF LATEST TRANSACTION
control field 20180714033338.0
008 - FIXED-LENGTH DATA ELEMENTS--GENERAL INFORMATION
fixed length control field 140415s1981 000 0 spa d
020 ## - INTERNATIONAL STANDARD BOOK NUMBER
International Standard Book Number 0256023751
041 ## - LANGUAGE CODE
Language code of text/sound track or separate title spa
082 ## - DEWEY DECIMAL CLASSIFICATION NUMBER
Classification number 320
Item number ISA
100 1# - MAIN ENTRY--PERSONAL NAME
Personal name ISAAK, ALAN C.
245 10 - TITLE STATEMENT
Title SCOPE AND METHODS OF POLITICAL SCIENCE
250 ## - EDITION STATEMENT
Edition statement 3a ed.
260 ## - PUBLICATION, DISTRIBUTION, ETC.
Place of publication, distribution, etc. [s.l.] :
Name of publisher, distributor, etc. THE DORSEY PRESS,
Date of publication, distribution, etc. 1981
300 ## - PHYSICAL DESCRIPTION
Extent 309
650 14 - SUBJECT ADDED ENTRY--TOPICAL TERM
Topical term or geographic name entry element CIENCIAS POLITICAS
Existencias
Withdrawn status Lost status Source of classification or shelving scheme Damaged status Not for loan Collection code Home library Current library Shelving location Date acquired Source of acquisition Inventory number Total Checkouts Full call number Barcode Date last seen Price effective from Koha item type
    Dewey Decimal Classification     General Biblioteca Karol Wojtyla Biblioteca Karol Wojtyla Sala general 03/12/2013 Compra 151000000000000000052822   320 ISA 7296 05/01/2026 03/12/2013 Libro
  Extraviado Dewey Decimal Classification       Biblioteca Karol Wojtyla Biblioteca Karol Wojtyla   03/12/2013 Compra     320 ISA 7297   03/12/2013 Libro